00293nam a2200133Ia 4500003000400000005001700004008004100021020001500062040002000077100001900097245002200116260001200138260000900150OSt20231230051749.0170524s9999 xx 000 0 und d a8131701581 cIIMT UNIVERSITY aVolkenburg MEV 0aNetworks Analysis bPearson c2007